All foreign players Rangers FC - Statistics

General Stats
  • This quiz has been taken 42 times
  • The average score is 59 of 198
Answer Stats
Hint Answer % Correct
Ianis Hagi
77%
Alfredo Morelos
73%
Brian Laudrup
73%
Gennaro Gattuso
73%
Borna Barišić
69%
Frank De Boer
69%
Mikel Arteta
69%
Ronald De Boer
69%
Claudio Reyna
65%
Cyriel Dessers
65%
Glen Kamara
65%
Jörg Albertz
65%
Arthur Numan
62%
Craig Moore
62%
Giovanni Van Bronckhorst
62%
Peter Løvenkrands
62%
Rıdvan Yılmaz
62%
Scott Arfield
62%
Calvin Bassey
58%
Claudio Caniggia
58%
Danilo
58%
Joe Aribo
58%
Kemar Roofe
58%
Michael Mols
58%
Nacho Novo
58%
Sam Lammers
58%
Sergio Porrini
58%
Carlos Cuéllar
54%
DaMarcus Beasley
54%
Leon Balogun
54%
Lorenzo Amoruso
54%
Stefan Klos
54%
Tore André Flo
54%
Abdallah Sima
50%
Bruno Alves
50%
Carlos Bocanegra
50%
Filip Helander
50%
James Sands
50%
Madjid Bougherra
50%
Marco Negri
50%
Maurice Edu
50%
Saša Papac
50%
Andrey Kanchelskis
46%
Carlos Peña
46%
Cedric Itten
46%
Dado Pršo
46%
El-Hadji Diouf
46%
Fernando Ricksen
46%
Jean-Alain Boumsong
46%
Marvin Andrews
46%
Pedro Mendes
46%
Bert Konterman
42%
Bongani Zungu
42%
Brahim Hemdani
42%
Daniel Cousin
42%
Fashion Sakala
42%
Jonas Thern
42%
Jonatan Johansson
42%
José Cifuentes
42%
Lionel Charbonnier
42%
Nicolas Raskin
42%
Nikola Katić
42%
Shota Arveladze
42%
Thomas Buffel
42%
Tony Vidmar
42%
Bilel Mohsni
38%
Eduardo Herrera
38%
Juninho Bacuna
38%
Kevin Muscat
38%
Malik Tillman
38%
Russell Latapy
38%
Sotirios Kyrgiakos
38%
Tugay Kerimoğlu
38%
Basile Boli
35%
Eros Grezda
35%
Gabriel Amato
35%
Jean-Claude Darcheville
35%
Nikica Jelavić
35%
Vladimír Weiss
35%
Amad Diallo
31%
Christian Nerlinger
31%
Dálcio
31%
Daniel Prodan
31%
Dorin Goian
31%
Emílson Cribari
31%
Fábio Cardoso
31%
Filip Šebo
31%
Francisco Sandaza
31%
Fraser Aird
31%
Hamed Namouchi
31%
Henning Berg
31%
Ronald Waterreus
31%
Sone Aluko
31%
Antonio Čolak
27%
Arnold Peralta
27%
Erik Andersen
27%
Gordan Petrić
27%
Grégory Vignal
27%
Jérémy Clément
27%
Lionel Letizi
27%
Niko Kranjčar
27%
Oleg Salenko
27%
Sébastien Faure
27%
Antti Niemi
23%
Candeias
23%
Capucho
23%
Emerson
23%
Gedion Zelalem
23%
Kaj Johansen
23%
Lassana Coulibaly
23%
Matt Polster
23%
Myles Beerman
23%
Stéphane Guivarc'h
23%
Zurab Khizanishvili
23%
Alejandro Bedoya
19%
Andrius Velička
19%
Colin Miller
19%
Emerson Hyndman
19%
Joachim Björklund
19%
José Pierre-Fanfan
19%
Julien Rodriguez
19%
Karl Svensson
19%
Kevin Mbabu
19%
Libor Sionko
19%
Marius Žaliūkas
19%
Mateusz Żukowski
19%
Murray Miller
19%
Oleg Kuznetsov
19%
Philippe Senderos
19%
Sebastián Rozenthal
19%
Egil Østenstad
15%
Fabrice Fernandes
15%
Gaël Bigirimana
15%
Haris Vučkić
15%
Johnny Hubbard
15%
Jon Toral
15%
Juanma Ortiz
15%
Paolo Vanoli
15%
Peter Van Vossen
15%
Pieter Huistra
15%
Salim Kerkar
15%
Þórólfur Beck
15%
Amdy Faye
12%
Avi Cohen
12%
Dariusz Adamczuk
12%
David Mitchell
12%
Dean Furman
12%
Dragan Mladenović
12%
Erik Sørensen
12%
Jan Bartram
12%
Jason Cummings
12%
Jérôme Rothen
12%
Jesper Christiansen
12%
Jørn Sørensen
12%
Marcus Gayle
12%
Matt McKay
12%
Robert Prytz
12%
Umar Sadiq
12%
Aarón
8%
Albert Guðmundsson
8%
Aleksey Mikhaylichenko
8%
Alistair Edwards
8%
Anestis Argyriou
8%
Bojan Djordjic
8%
Boni Ginzburg
8%
Carl Hansen
8%
Dan Eggen
8%
Don Kichenbrand
8%
Federico Nieto
8%
Florian Kamberi
8%
Jérôme Bonnissel
8%
Kamil Wiktorski
8%
Luca Gasparotto
8%
Luigi Riccio
8%
Nnamdi Ofoborh
8%
Olivier Bernard
8%
Örjan Persson
8%
Serge Atakayi
8%
Tero Penttilä
8%
Theo Snelders
8%
Thomas Myhre
8%
Antoine Ponroy
4%
Arnar Grétarsson
4%
Bajram Fetai
4%
Filippo Maniero
4%
Francesco Stella
4%
Gerhard Neef
4%
Giorgos Efrem
4%
Jani Kauppila
4%
Karl Pekarna
4%
Lee Baxter
4%
Maciej Gostomski
4%
Makthar N'Diaye
4%
Mervan Çelik
4%
Moses Ashikodi
4%
Ståle Stensaas
4%
Thomas Bendiksen
4%
William Stanger
4%
No matching quizzes found
Score Distribution
Percent of People with Each Score
Percentile by Number Answered
Your Score History
You have not taken this quiz